000
00338nam a2200169Ia 4500
100
_a
Tharoor/Shashi
650
_a
Fiction
942
_c
BK
366
_f
17.5
654
_a
dollar
245
_a
Five Dollar smile
260
_b
Penquin books
_c
1990
082
_a
808.83/THA
_b
THA
300
_a
239
546
_a
ENGLISH
999
_c
22057
_d
22057